000 00711cam a2200241 4500
008 090401t1988 xxu||||| |||| 00| 0 eng d
020 _a0906182417
035 _a(Sirsi) u17961
041 _aeng
050 _a692.5
110 _aBuilding Maintenance Information Ltd
_92307
245 _aBMI building maintenance price book 1989
250 _a9th ed.
260 _aKingston upon Thames
_bBuilding Maintenance Information Ltd
_c1988
300 _a351p. ; 21cm.
350 _a25
650 _aBUILT ENVIRONMENT-BUILDING COSTS
650 _aLABOUR COSTS
650 _aBUILT ENVIRONMENT-BUILDING MAINTENANCE AND REFURBISHMENT
650 _aBUILDING PRICE BOOKS
942 _n0
948 _c04/03/1997
999 _c87561
_d87561